Řeč na den swatého Aposstola Jakuba wĕtssjho při Infulacý Wysoce Welebného a Důstogného Pána Ferdynanda Hausy, býwalého a poslednjho Probossta klásstera Sedleckého řádu Cystercyenského, nynj čestného kanownjta u swatého Ducha w Králowé Hradcy, konsystoryálnjho Rady, biskupského w Kutnohorsku Námĕstka a Arcydĕkana král. swob. hornjho mĕsta Hory Kutné. Držená dne 25. čerwence 1820, w Arcydĕkanském Kutnohorském chrámĕ Pánĕ

Bibliographic Details
Main Author: Vambera, František, 1780-1830 (Author)
Corporate Author: Haase, Bohumil (Praha, Česko) (Printer)
Format: Book
Language:Czech
PhysicalDescription:19 s. 19 cm
Published: W Praze U Bohumila Háze českého stawowského Impressora 1820
Subjects:

MARC

LEADER 00000nam a2200000 a 4500
001 vtls010649414
003 SK-MaSNL
005 20260301134112.0
008 251112s1820 xr 000 0 cze
035 |a 7B8BAE0F-109C-4392-ADD0-170B8CED8046 
035 |a urn:nbn:sk:snk-amyfxx 
035 |a urn:nbn:sk:snk-am00cmeb 
040 |a SNK  |b slo  |c SNK  |e AACR2 
041 0 |a cze 
044 |a xr  |c CZ 
080 |a (0:82-5)  |2 2001 
080 |a 27-532.2/.4  |2 2001 
080 |a 27  |2 2001 
080 |a 27-36  |2 2001 
100 1 |a Vambera, František,  |d 1780-1830  |4 aut  |9 487556 
245 1 0 |a Řeč na den swatého Aposstola Jakuba wĕtssjho při Infulacý Wysoce Welebného a Důstogného Pána Ferdynanda Hausy,  |b býwalého a poslednjho Probossta klásstera Sedleckého řádu Cystercyenského, nynj čestného kanownjta u swatého Ducha w Králowé Hradcy, konsystoryálnjho Rady, biskupského w Kutnohorsku Námĕstka a Arcydĕkana král. swob. hornjho mĕsta Hory Kutné. Držená dne 25. čerwence 1820, w Arcydĕkanském Kutnohorském chrámĕ Pánĕ  |c od Frantisska Lidurába Wámbery, Faráře Konárowického 
260 |a W Praze  |b U Bohumila Háze českého stawowského Impressora  |c 1820 
300 |a 19 s.  |c 19 cm 
500 |a Typografické linky 
546 |a Čeština  |b Švabach 
561 |a Okrúhla pečiatka: Dar Martina Hamuliaka Matici slovenskej.  |5 SNK SD 13233 
600 0 7 |a Jakub Starší,  |c svätý,  |d zomrel 43  |2 SNKMA  |9 90160 
650 0 7 |a pobožnosti  |2 SNKPH  |9 74904 
650 0 7 |a kresťanstvo  |2 SNKPH  |9 2024 
650 0 7 |a svätci  |2 SNKPH  |9 1606 
655 7 |a kázne  |2 SNKPH  |9 70516 
700 1 |a Hamuljak, Martin,  |d 1789-1859  |4 fmo  |9 79936 
710 2 |a Haase, Bohumil (Praha, Česko),  |d 1798-1824  |4 prt  |9 331118 
752 |a Česko  |d Praha 
852 |a snk  |c Historické fondy  |p SD 13233 
958 |a ONDV 
999 |c 755719  |d 757649 
952 |t Ham 587  |a SNK  |b SNK  |c SNK_HF  |y PREZ  |7 0  |p 17A1127132  |o snkSD 13233  |i snkKSF 2398/1957  |8 5  |0 0  |1 0  |4 0  |d 2015-01-26  |f 1  |l 0  |r 2026-02-23 23:47:41  |w 2026-02-23